Cyclisme : Top 20 de à Travers La Flandre 2025 - Statistiques

Statistiques générales
  • Ce quiz a été pris 38 fois
    37 depuis la dernière actualisation
  • Le résultat moyen est 9 sur 20
Statistiques - réponses
Position Equipe Coureur % Correct
1er EF Education - Easy Post Neilson Powless
100%
2eme Visma Lease a Bike Wout Van Aert
100%
5eme Lidl - Trek Mads Pedersen
93%
3eme Visma Lease a Bike Tiesj Benoot
93%
4eme Visma Lease a Bike Matteo Jorgenson
90%
9eme Groupama FDJ Stefan Kung
73%
18eme Lidl - Trek Jasper Stuyven
50%
17eme Intermarché - Wanty Biniam Girmay
33%
15eme RedBull - Bora-Hansgrohe Mick Van Dijke
30%
16eme Bahrain Victorious Fred Wright
27%
10eme Lotto Alec Segaert
23%
14eme EF Education - Easy Post Marijn Van den Berg
23%
12eme Decathlon AG2R La Mondiale Pierre Gautherat
23%
6eme Alpecin-Deceuninck Tibor Del Grosso
23%
7eme Decathlon AG2R La Mondiale Dries De Bondt
17%
19eme Soudal - Quick Step Yves Lampaert
17%
20eme Israel - Premier Tech Joseph Blackmore
13%
11eme Uno-X Mobility Rasmus Tiller
10%
8eme Lotto Arjen Livyns
7%
13eme XDS Astana Cees Bol
3%
Aucun quiz correspondant
Distribution des résultats
% des personnes avec chaque résultat
Percentile par nombre de réponses
Votre historique - résultats
Vous n’avez pas pris ce quiz depuis la dernière actualisation